[Event "HUN-chT 2324"]
[Site "Hungary"]
[Date "2023.10.29"]
[Round "2.8"]
[White "Udvardi, Zalan"]
[Black "Pribelszky, Bence"]
[Result "1/2-1/2"]
[WhiteElo "2254"]
[BlackElo "2399"]
[PlyCount "116"]
[EventDate "2023.10.28"]
[EventType "team-tourn"]
[EventRounds "9"]
[EventCountry "HUN"]
[SourceTitle "Mega2024 Update 01"]
[Source "Chessbase"]
[SourceDate "2023.11.12"]
[SourceVersion "1"]
[SourceVersionDate "2023.11.12"]
[SourceQuality "1"]
[WhiteTeam "Mako Duocor"]
[BlackTeam "Biatorbagy"]
[WhiteTeamCountry "HUN"]
[BlackTeamCountry "HUN"]

1. e4 g6 2. d4 Bg7 3. Nc3 a6 4. a4 d6 5. f4 Nf6 6. Nf3 0-0 7. Be3 b6 8. e5 Nfd7 9. h4 c5 10. e6 fxe6 11. h5 gxh5 12. Rxh5 Nf6 13. Rh4 Nc6 14. g4 cxd4 15. Nxd4 Nxd4 16. Bxd4 e5 17. Bf2 Bxg4 18. Rxg4 Nxg4 19. Qxg4 Rxf4 20. Qe6+ Kh8 21. Be3 Rf3 22. Nd5 Qc8 23. Qxc8+ Rxc8 24. Be2 Rh3 25. 0-0-0 e6 26. Bg4 Rxe3 27. Nxe3 Bh6 28. Kd2 Rc4 29. Bf3 d5 30. Ke2 Rxa4 31. Rh1 Bg5 32. Rg1 h6 33. Nd1 Rd4 34. Ke1 Kg7 35. Rg4 e4 36. b3 Kf6 37. Be2 Rb4 38. Nc3 h5 39. Rg2 e3 40. Bxh5 Rh4 41. Bf3 Rd4 42. Na4 Bh4+ 43. Ke2 Bf2 44. Nxb6 Rd2+ 45. Kf1 Rxc2 46. Bxd5 Rc1+ 47. Ke2 Re1+ 48. Kf3 exd5 49. Nxd5+ Ke5 50. Nb4 Rf1 51. Rg4 a5 52. Nd3+ Kd5 53. Ke2 Rg1 54. Ra4 Rb1 55. Rxa5+ Kd4 56. Ra4+ Kc3 57. Rc4+ Kxb3 58. Rb4+ Kc2 1/2-1/2

[Event "Budapest SixDays 03 IM"]
[Site "Budapest"]
[Date "2023.03.28"]
[Round "7"]
[White "Udvardi, Zalan"]
[Black "To, Nhat Minh"]
[Result "1/2-1/2"]
[WhiteElo "2260"]
[BlackElo "2342"]
[PlyCount "137"]
[EventDate "2023.03.24"]
[EventType "tourn"]
[EventRounds "9"]
[EventCountry "HUN"]
[SourceTitle "CBM 213 Extra"]
[Source "ChessBase"]
[SourceDate "2023.05.31"]
[SourceVersion "1"]
[SourceVersionDate "2023.05.31"]
[SourceQuality "1"]

1. e4 e6 2. d4 d5 3. e5 c5 4. c3 Nc6 5. Nf3 Qb6 6. Be2 cxd4 7. cxd4 Nh6 8. Bxh6 gxh6 9. Qd2 Bg7 10. Nc3 0-0 11. 0-0 f6 12. exf6 Rxf6 13. Rab1 Bd7 14. b4 Ne7 15. b5 Raf8 16. Na4 Qd6 17. Nc5 b6 18. Nxd7 Qxd7 19. Ne5 Qd6 20. g3 Ng6 21. Qe3 Rf5 22. f4 Bxe5 23. dxe5 Qd7 24. Bg4 R5f7 25. f5 d4 26. Qe2 d3 27. Qe3 exf5 28. e6 Re7 29. exd7 Rxe3 30. Bxf5 Rd8 31. Rbc1 Kf7 32. Bxd3+ Ke7 33. Bf5 Ne5 34. Rc7 Nf3+ 35. Kg2 Nd4 36. Rxa7 Re2+ 37. Kg1 Nxb5 38. Rb7 Nd6 39. Rxb6 Nxf5 40. Rxf5 Rxd7 41. Rf2 Rxf2 42. Kxf2 Rd2+ 43. Kg1 Kf7 44. Rxh6 Kg7 45. Ra6 h5 46. a4 Ra2 47. a5 Kh7 48. Ra8 Kg7 49. a6 Kh7 50. h3 Kg7 51. Kf1 Kh7 52. Ke1 Ra3 53. a7 Ra2 54. Kd1 Kg7 55. Kc1 Kh7 56. Kb1 Ra6 57. Kb2 Kg7 58. Kb3 Ra1 59. Kc4 Ra3 60. Kd5 Ra5+ 61. Ke6 Ra6+ 62. Kf5 Ra5+ 63. Kf4 Ra3 64. Rd8 Rxa7 65. Kg5 Ra5+ 66. Kh4 Kh7 67. Rd7+ Kg6 68. Rd6+ Kg7 69. g4 1/2-1/2

[Event "Budapest SixDays 03 IM"]
[Site "Budapest"]
[Date "2023.03.24"]
[Round "1"]
[White "Szeberenyi, Adam"]
[Black "Udvardi, Zalan"]
[Result "1/2-1/2"]
[WhiteElo "2338"]
[BlackElo "2260"]
[PlyCount "51"]
[EventDate "2023.03.24"]
[EventType "tourn"]
[EventRounds "9"]
[EventCountry "HUN"]
[SourceTitle "CBM 213 Extra"]
[Source "ChessBase"]
[SourceDate "2023.05.31"]
[SourceVersion "1"]
[SourceVersionDate "2023.05.31"]
[SourceQuality "1"]

1. e4 c6 2. d4 d5 3. e5 Bf5 4. Nc3 e6 5. g4 Bg6 6. Nge2 c5 7. Be3 Nc6 8. dxc5 h5 9. Nf4 d4 10. Nxg6 fxg6 11. Qd3 Kf7 12. Ne4 dxe3 13. Qxe3 Nge7 14. Ng5+ Kg8 15. Nxe6 Qd5 16. Nc7 Qxh1 17. 0-0-0 Na5 18. Qf4 Qc6 19. Bc4+ Nxc4 20. Qxc4+ Kh7 21. Ne6 Nd5 22. Ng5+ Kh6 23. Nf7+ Kh7 24. Ng5+ Kh6 25. Nf7+ Kh7 26. Ng5+ 1/2-1/2

[Event "Budapest Vezerkepzo Christmas IM"]
[Site "Budapest"]
[Date "2022.12.27"]
[Round "2"]
[White "Udvardi, Zalan"]
[Black "Chen, Jonathan"]
[Result "1-0"]
[WhiteElo "2280"]
[BlackElo "2193"]
[PlyCount "161"]
[EventDate "2022.12.26"]
[EventType "tourn"]
[EventRounds "9"]
[EventCountry "HUN"]
[SourceTitle "CBM 212 Extra"]
[Source "ChessBase"]
[SourceDate "2023.03.31"]
[SourceVersion "1"]
[SourceVersionDate "2023.03.31"]
[SourceQuality "1"]

1. e4 c6 2. d4 d5 3. e5 Bf5 4. h4 h5 5. Bd3 Bxd3 6. Qxd3 Qa5+ 7. Nd2 e6 8. Ngf3 Nh6 9. 0-0 Nf5 10. Nb3 Qa6 11. Qd1 Nd7 12. Bg5 c5 13. dxc5 Nxc5 14. c3 Ne4 15. Nfd4 Nxd4 16. cxd4 Nxg5 17. hxg5 Be7 18. Rc1 b6 19. Qc2 0-0 20. g6 Rac8 21. gxf7+ Kxf7 22. Qd1 g6 23. Qf3+ Kg7 24. Qh3 Rf5 25. Rxc8 Qxc8 26. Rc1 Qd7 27. Qc3 Bh4 28. g3 Bg5 29. Qc8 Rf7 30. f4 Bd8 31. Rc6 Qxc8 32. Rxc8 Rf8 33. Ra8 a5 34. Nc1 g5 35. Nd3 h4 36. Kg2 hxg3 37. Kxg3 gxf4+ 38. Kf3 Kg6 39. Rb8 Kg5 40. Rb7 Kh6 41. Rd7 Kg5 42. a4 Rg8 43. Nxf4 Rf8 44. Rg7+ Kh6 45. Rg6+ Kh7 46. Rg4 Be7 47. Ke3 Kh6 48. Rg6+ Kh7 49. Rg2 Bb4 50. Nxe6 Rf1 51. Nf4 Re1+ 52. Re2 Rd1 53. Nxd5 Bc5 54. Nf6+ Kg6 55. dxc5 bxc5 56. Ne4 Kf5 57. Nc3 Rd4 58. Kf2 Ke6 59. Ke1 Rb4 60. Kd1 Rh4 61. Kc2 Rg4 62. Rd2 Rc4 63. Rd6+ Kxe5 64. Ra6 Rh4 65. Rxa5 Kd4 66. Kb3 Rh2 67. Rb5 Rh6 68. Rb8 c4+ 69. Kb4 Rh2 70. Rd8+ Ke5 71. Kxc4 Rxb2 72. a5 Rb7 73. a6 Rc7+ 74. Kb4 Ra7 75. Re8+ Kf6 76. Ka5 Kf7 77. Re3 Rd7 78. Nb5 Kf6 79. a7 Rd8 80. Nc7 Rb8 81. axb8R 1-0

[Event "HUN-chT 2223"]
[Site "Hungary"]
[Date "2022.12.04"]
[Round "2.9"]
[White "Lizak, Peter"]
[Black "Udvardi, Zalan"]
[Result "1/2-1/2"]
[WhiteElo "2404"]
[BlackElo "2303"]
[PlyCount "105"]
[EventDate "2022.11.20"]
[EventType "team-tourn"]
[EventRounds "9"]
[EventCountry "HUN"]
[SourceTitle "CBM 211 Extra"]
[Source "ChessBase"]
[SourceDate "2023.01.31"]
[SourceVersion "1"]
[SourceVersionDate "2023.01.31"]
[SourceQuality "1"]
[WhiteTeam "Paks"]
[BlackTeam "Mako Duocor"]
[WhiteTeamCountry "HUN"]
[BlackTeamCountry "HUN"]

1. d4 Nf6 2. Nf3 d5 3. c4 e6 4. g3 dxc4 5. Bg2 c6 6. 0-0 b5 7. a4 Bb7 8. b3 cxb3 9. Qxb3 a6 10. Nbd2 Ra7 11. Ba3 Be7 12. Rfb1 Nbd7 13. Qc2 Bxa3 14. Rxa3 Qe7 15. Raa1 0-0 16. axb5 cxb5 17. Rxb5 Rc8 18. Qb2 Bd5 19. Rb4 Rac7 20. Rba4 Rc2 21. Qa3 Qxa3 22. R4xa3 Bxf3 23. Nxf3 Rxe2 24. Rxa6 Rec2 25. Ra8 g6 26. Rxc8+ Rxc8 27. Ne5 Nxe5 28. dxe5 Ng4 29. f4 Ne3 30. Ra8 Rxa8 31. Bxa8 Nf5 32. Be4 Ng7 33. Kf2 Kf8 34. Ke3 Ke7 35. g4 Ne8 36. Kd4 Ng7 37. h3 Ne8 38. Bc6 Ng7 39. Ke3 h5 40. Be4 hxg4 41. hxg4 Ne8 42. Kd4 Ng7 43. Bc6 Ne8 44. Bxe8 Kxe8 45. Kc5 Kd7 46. Kb6 Kd8 47. Kc6 Kc8 48. Kd6 Kd8 49. g5 Ke8 50. Kc7 Ke7 51. Kc8 Ke8 52. Kc7 Ke7 53. Kc8 1/2-1/2

[Event "HUN-ch Rapid"]
[Site "Ajka"]
[Date "2022.07.17"]
[Round "10"]
[White "Udvardi, Zalan"]
[Black "Korpa, Bence"]
[Result "0-1"]
[WhiteElo "2310"]
[BlackElo "2537"]
[PlyCount "46"]
[EventDate "2022.07.15"]
[EventType "swiss (rapid)"]
[EventRounds "13"]
[EventCountry "HUN"]
[SourceTitle "CBM 209 Extra"]
[Source "ChessBase"]
[SourceDate "2022.09.30"]
[SourceVersion "1"]
[SourceVersionDate "2022.09.30"]
[SourceQuality "1"]

1. e4 Nf6 2. e5 Nd5 3. d4 d6 4. c4 Nb6 5. exd6 exd6 6. Nc3 Be7 7. Bd3 0-0 8. Nge2 Nc6 9. 0-0 Bf6 10. Be3 Nb4 11. Rc1 d5 12. b3 Nxd3 13. Qxd3 c6 14. c5 Nd7 15. Ng3 g6 16. Bh6 Re8 17. f4 b6 18. b4 a5 19. b5 bxc5 20. bxc6 Bxd4+ 21. Kh1 Nf6 22. Rfe1 Ng4 23. Rxe8+ Qxe8 0-1

[Event "HUN-ch Rapid"]
[Site "Ajka"]
[Date "2022.07.16"]
[Round "6"]
[White "Kiss, Gergely2222"]
[Black "Udvardi, Zalan"]
[Result "1/2-1/2"]
[WhiteElo "2080"]
[BlackElo "2310"]
[PlyCount "117"]
[EventDate "2022.07.15"]
[EventType "swiss (rapid)"]
[EventRounds "13"]
[EventCountry "HUN"]
[SourceTitle "CBM 209 Extra"]
[Source "ChessBase"]
[SourceDate "2022.09.30"]
[SourceVersion "1"]
[SourceVersionDate "2022.09.30"]
[SourceQuality "1"]

1. b3 e5 2. Bb2 Nc6 3. e3 g6 4. Nf3 Bg7 5. d4 e4 6. Nfd2 f5 7. c4 Nge7 8. Nc3 d6 9. h4 h6 10. a3 0-0 11. g3 Nb8 12. Rc1 Nd7 13. b4 Nf6 14. Ne2 Be6 15. Nf4 Bf7 16. Be2 d5 17. a4 c6 18. Nb3 b6 19. c5 Nd7 20. Ba3 bxc5 21. Nxc5 Nxc5 22. Rxc5 Rb8 23. Qd2 g5 24. hxg5 hxg5 25. Nh5 Bxh5 26. Rxh5 f4 27. Bg4 Qd6 28. gxf4 gxf4 29. b5 Qg6 30. Be2 f3 31. Rh1 Qg2 32. Rf1 fxe2 33. Qxe2 cxb5 34. axb5 Rfc8 35. Qa2 Rd8 36. Qe2 Rb7 37. Qh5 a6 38. Rh1 Qg6 39. Qe2 Rdb8 40. bxa6 Rb1+ 41. Bc1 Qb6 42. Qh5 Qxc5 43. dxc5 Rxc1+ 44. Kd2 Rxc5 45. Rd1 Ra5 46. Ke1 Rxa6 47. Rc1 Rh6 48. Qg4 Rg6 49. Qd7 Rg1+ 50. Kd2 Rxc1 51. Kxc1 Kf7 52. Qd6 Rc8+ 53. Kd1 Rc6 54. Qg3 Bf6 55. Qh3 Ke8 56. Qh7 Kd8 57. Qf7 Kc7 58. Ke2 Kd6 59. Qxf6+ 1/2-1/2

[Event "HUN-ch Rapid"]
[Site "Ajka"]
[Date "2022.07.15"]
[Round "3"]
[White "Udvardi, Zalan"]
[Black "Aczel, Gergely"]
[Result "0-1"]
[WhiteElo "2310"]
[BlackElo "2499"]
[PlyCount "76"]
[EventDate "2022.07.15"]
[EventType "swiss (rapid)"]
[EventRounds "13"]
[EventCountry "HUN"]
[SourceTitle "CBM 209 Extra"]
[Source "ChessBase"]
[SourceDate "2022.09.30"]
[SourceVersion "1"]
[SourceVersionDate "2022.09.30"]
[SourceQuality "1"]

1. e4 c5 2. Nc3 a6 3. g3 b5 4. Bg2 Bb7 5. d3 e6 6. f4 b4 7. Na4 d5 8. f5 exf5 9. exd5 Bxd5 10. Qe2+ Be7 11. Nxc5 Nf6 12. Na4 0-0 13. Bg5 Nc6 14. Nf3 Re8 15. 0-0-0 Ng4 16. Bd2 Qa5 17. b3 Bc5 18. Qf1 Nf2 19. Ng5 Bxg2 20. Qxg2 Ne7 21. Nxc5 Nxd1 22. Nb7 Qxa2 23. Kxd1 Rac8 24. Bc1 Nd5 25. Nd6 Nc3+ 26. Kd2 Nb1+ 27. Kd1 Nc3+ 28. Kd2 Re2+ 29. Qxe2 Nxe2 30. Nxc8 Nd4 31. Ke3 Nxc2+ 32. Kf4 h6 33. Nf3 Qxb3 34. Ne7+ Kh7 35. Nxf5 Qxd3 36. h4 Qc4+ 37. Ke5 f6+ 38. Kd6 Qd3+ 0-1

[Event "HUN-chT 2122"]
[Site "Hungary"]
[Date "2022.01.30"]
[Round "5.8"]
[White "Udvardi, Zalan"]
[Black "Ribli, Zoltan"]
[Result "0-1"]
[WhiteElo "2243"]
[BlackElo "2518"]
[PlyCount "122"]
[EventDate "2021.10.10"]
[EventType "team-tourn"]
[EventRounds "9"]
[EventCountry "HUN"]
[SourceTitle "EXT 2023"]
[Source "ChessBase"]
[SourceDate "2022.10.05"]
[SourceVersion "1"]
[SourceVersionDate "2022.10.05"]
[SourceQuality "1"]
[WhiteTeam "Mako Duocor"]
[BlackTeam "Tungsram ANSK"]
[WhiteTeamCountry "HUN"]
[BlackTeamCountry "HUN"]

1. e4 c5 2. Nf3 e6 3. d4 cxd4 4. Nxd4 Nc6 5. Nc3 Qc7 6. Be3 a6 7. a3 b5 8. Nxc6 Qxc6 9. Be2 Bb7 10. 0-0 Rc8 11. Qd2 Nf6 12. Rfd1 h6 13. Bf3 Qc7 14. Bf4 e5 15. Be3 Bc5 16. Nd5 Bxd5 17. exd5 Bxe3 18. Qxe3 0-0 19. c3 Qd6 20. a4 b4 21. Be2 a5 22. c4 Qc5 23. Qf3 d6 24. b3 Rce8 25. Qf5 e4 26. Qf4 e3 27. f3 Re5 28. g4 Qc7 29. Kh1 Nd7 30. Rg1 g5 31. Qg3 Nc5 32. Rab1 Qe7 33. Rg2 Kg7 34. h4 gxh4 35. Qh2 Qf6 36. f4 Re4 37. Rf1 Rh8 38. g5 hxg5 39. Rxg5+ Kf8 40. Qh3 Ke7 41. Rf5 Qd4 42. Rd1 Qb2 43. Qg2 Rf8 44. Rg1 Kd8 45. Qg5+ Kc7 46. Qh6 Ree8 47. Qh5 Re7 48. Qh6 Rfe8 49. Rf6 Ne4 50. Rxd6 Nxd6 51. c5 Nc8 52. Qa6 Kb8 53. d6 Ra7 54. Qb5+ Rb7 55. d7 Rd8 56. dxc8Q+ Rxc8 57. Qd3 Qd2 58. Qc4 Qc3 59. Qe4 Qxc5 60. Bf3 Qe7 61. Qf5 Qe6 0-1

[Event "HUN-chT 1920"]
[Site "Hungary"]
[Date "2020.09.13"]
[Round "9.8"]
[White "Udvardi, Zalan"]
[Black "Laza, Szabolcs"]
[Result "1-0"]
[WhiteElo "2171"]
[BlackElo "2165"]
[PlyCount "63"]
[EventDate "2019.11.16"]
[EventType "team-tourn"]
[EventRounds "9"]
[EventCountry "HUN"]
[SourceTitle "EXT 2021"]
[Source "ChessBase"]
[SourceDate "2020.10.23"]
[SourceVersion "1"]
[SourceVersionDate "2020.10.23"]
[SourceQuality "1"]
[WhiteTeam "Mako Duocor"]
[BlackTeam "Budapest MTK"]
[WhiteTeamCountry "HUN"]
[BlackTeamCountry "HUN"]

1. e4 c5 2. Nc3 Nc6 3. g3 g6 4. Bg2 Bg7 5. d3 e6 6. Be3 Qa5 7. Nge2 Nd4 8. Bd2 Ne7 9. Nd5 Qd8 10. Nxe7 Qxe7 11. c3 Nxe2 12. Qxe2 d6 13. h4 Rb8 14. 0-0 b5 15. Be3 0-0 16. d4 b4 17. dxc5 bxc3 18. bxc3 Bxc3 19. Rac1 Ba5 20. Rfd1 Rd8 21. cxd6 Rxd6 22. Rxd6 Qxd6 23. Bxa7 Qa3 24. Qc2 Ra8 25. Bc5 Bb4 26. e5 Rb8 27. Rb1 Ba6 28. Qd2 Bxc5 29. Rxb8+ Kg7 30. h5 h6 31. Qd8 Bxf2+ 32. Kh1 1-0

[Event "Balatonalmadi Pannonia Cup 27th"]
[Site "Balatonalmadi"]
[Date "2019.07.26"]
[Round "4"]
[White "Gaal, Ede"]
[Black "Udvardi, Zalan"]
[Result "0-1"]
[WhiteElo "2042"]
[BlackElo "2193"]
[PlyCount "80"]
[EventDate "2019.07.24"]
[EventType "swiss"]
[EventRounds "7"]
[EventCountry "HUN"]
[SourceTitle "CBM 191 Extra"]
[Source "ChessBase"]
[SourceDate "2019.09.30"]
[SourceVersion "1"]
[SourceVersionDate "2019.09.30"]
[SourceQuality "1"]

1. e4 c5 2. Nf3 Nc6 3. Bb5 g6 4. 0-0 Bg7 5. Re1 Nd4 6. Bc4 Nxf3+ 7. Qxf3 e6 8. e5 Ne7 9. d4 Nc6 10. c3 0-0 11. Bf4 cxd4 12. cxd4 Nxd4 13. Qd3 Nc6 14. Nc3 f6 15. exf6 Qxf6 16. Bd6 Qxf2+ 17. Kh1 Rf5 18. g4 Qf3+ 19. Qxf3 Rxf3 20. Rf1 Rxf1+ 21. Rxf1 b6 22. Kg2 Bb7 23. Kh3 Ne5 24. Bb5 Nf7 25. Be7 Ne5 26. Bd6 Bc6 27. Be2 Nf7 28. Ba3 Be5 29. Be7 Re8 30. Bh4 g5 31. Be1 Rf8 32. Nb5 a6 33. Nc3 b5 34. Bd2 h6 35. Be3 Nd6 36. Rxf8+ Kxf8 37. Bc5 Kf7 38. Bd3 Nc4 39. Bxc4 bxc4 40. Ba3 d5 0-1

[Event "HUN-chT 1819"]
[Site "Hungary"]
[Date "2019.04.28"]
[Round "9.5"]
[White "Fule, Simon"]
[Black "Udvardi, Zalan"]
[Result "0-1"]
[WhiteElo "2131"]
[BlackElo "2230"]
[PlyCount "116"]
[EventDate "2018.11.17"]
[EventType "team-tourn"]
[EventRounds "9"]
[EventCountry "HUN"]
[SourceTitle "CBM 190 Extra"]
[Source "ChessBase"]
[SourceDate "2019.07.15"]
[SourceVersion "1"]
[SourceVersionDate "2019.07.15"]
[SourceQuality "1"]
[WhiteTeam "Kobanya Aquarena"]
[BlackTeam "Mako Duocor"]
[WhiteTeamCountry "HUN"]
[BlackTeamCountry "HUN"]

1. e4 c5 2. Nf3 Nc6 3. d4 cxd4 4. Nxd4 Nf6 5. Nc3 e5 6. Ndb5 d6 7. Nd5 Nxd5 8. exd5 Ne7 9. c3 Nf5 10. a4 Be7 11. Bd3 g6 12. 0-0 0-0 13. Kh1 Ng7 14. f4 a6 15. Na3 exf4 16. Bxf4 g5 17. Be3 f5 18. g3 h5 19. Nc4 h4 20. gxh4 g4 21. Bf4 Bxh4 22. Bc2 Rf6 23. Qd4 Rg6 24. Qb6 Qe8 25. Qe3 Qf8 26. Nb6 Rb8 27. Kg2 Qf7 28. Rad1 Bd7 29. Nxd7 Qxd7 30. Bg3 Re8 31. Qf2 Bxg3 32. hxg3 Qf7 33. c4 Rh6 34. Rh1 Rxh1 35. Rxh1 Re5 36. Re1 Qe7 37. Rxe5 Qxe5 38. Bd3 b5 39. axb5 axb5 40. Qe2 Qxe2+ 41. Bxe2 b4 42. Kf2 Kf7 43. Bd1 Kf6 44. Ba4 Ke5 45. Bd7 Nh5 46. Ba4 Kd4 47. Bc2 Ng7 48. b3 Ke5 49. Bd1 Kd4 50. Bc2 Kc3 51. Bb1 Kxb3 52. c5 dxc5 53. d6 Ne6 54. Bxf5 Nd8 55. Ke2 c4 56. Kd2 Kb2 57. d7 c3+ 58. Kd1 b3 0-1